| 000 | 01211nam a2200385 i 4500 | ||
|---|---|---|---|
| 001 | 21597 | ||
| 003 | KOSZ 005 | ||
| 005 | 20211008113854.0 | ||
| 008 | 150603s1979 pl a f 001 0 pol | ||
| 015 | _aPB 1980/9443 | ||
| 020 | _a830400288 | ||
| 040 |
_aWA N _cWA N _dKOSZ 005/HR |
||
| 046 | _k1979 | ||
| 080 | _a002 | ||
| 080 | _a01 | ||
| 080 | _a02 | ||
| 080 | _a001(091) | ||
| 100 | 1 |
_aMigoń, Krzysztof _d(1940- ) _eAutor |
|
| 245 | 1 | 0 |
_aZ dziejów nauki o książce / _cKrzysztof Migoń. |
| 260 |
_aWrocław : _b"Ossolineum", _c1979. |
||
| 300 |
_a240, [2] s. : _bil. ; _c20 cm. |
||
| 380 | _aKsiążki | ||
| 388 | _a1901-2000 | ||
| 388 | _a1945-1989 | ||
| 490 | 1 | _aKsiążki o Książce. | |
| 504 | _aBibliogr. s. 227-229. Indeks. | ||
| 650 | 4 | _aBibliologia | |
| 650 | 4 | _aHistoriografia | |
| 658 | _aBibliotekarstwo, archiwistyka, muzealnictwo | ||
| 710 | 2 |
_aZakład Narodowy im. Ossolińskich _bWydawnictwo _4pbl. |
|
| 710 | 2 |
_aWydawnictwo Ossolineum _4pbl |
|
| 830 | 0 | _aKsiążki o Książce | |
| 856 |
_uhttp://koha.tu.koszalin.pl/cgi-bin/koha/opac-detail.pl?biblionumber=21597 _yKatalog online BPK |
||
| 942 |
_2UKD _cKS |
||
| 999 |
_c21597 _d21597 |
||